Effectif FC Metz (2025-2026) - Statistiques

Statistiques générales
  • Ce quiz a été pris 48 fois
  • Le résultat moyen est 23 sur 33
Statistiques - réponses
Numéro Poste Nationalité Nom % Correct
61 G Sénégal Pape Sy
92%
10 MOC France Gauthier Hein
89%
1 G Danemark Jonathan Fischer
89%
39 DD Côte d'Ivoire Koffi Kouao
87%
2 DD France Maxime Colin
87%
30 BU Sénégal Habib Diallo
84%
8 MDC Mali Boubacar Traoré
82%
70 DD Sénégal Bouna Sarr
82%
40 G Sénégal Ousmane Ba
82%
21 MDC France Benjamin Stambouli
79%
97 DG Sénégal Fodé Ballo-Touré
79%
20 MC France Jessy Deminguet
79%
99 AD Suède Joel Asoro
79%
38 DC Sénégal Sadibou Sané
79%
- Coach France Benoit Tavenot
76%
9 AD Géorgie Giorgi Abuashvili
76%
7 AG Géorgie Heorhii Tsitaishvili
76%
5 MDC Côte d'Ivoire Jean-Philippe Gbamin
76%
15 DC Ghana Tarry Yegbe
76%
12 MDC Sénégal Alpha Touré
74%
4 DC Gabon Michel Mboula
74%
34 BU RD Congo Nathan Mbala
74%
11 BU Géorgie Giorgi Kvilitaia
66%
33 MC France Believe Munongo
58%
29 MOC Maroc Ismaël Guerti
58%
27 DG Belgique Yannis Lawson
58%
25 DD France Cleo Mélières
55%
19 AG France Lucas Michal
50%
16 G France Romain Jean-Baptiste
50%
17 BU France Joseph Mangondo
45%
3 DC Sénégal Moustapha Diop
42%
35 AG France Jahyann Pandore
37%
13 DG France Tahirys Dos Santos
26%
Aucun quiz correspondant
Distribution des résultats
% des personnes avec chaque résultat
Percentile par nombre de réponses
Votre historique - résultats
Vous n’avez pas pris ce quiz